Distribución, uso de microhábitats y dieta de la nutria neotropical Lontra longicaudis (Olfers, 1818) en el Cañón del Río Alicante, Antioquia, Colombia (Registro nro. 4005)

Detalles MARC
000 -CABECERA
Campo de control 00804nam a2200229 a 4500
005 - FECHA Y HORA DE LA ULTIMA TRANSACCION
Campo de control 20160827114231.0
008 - ELEMENTOS DE LONGITUD FIJA—INFORMACION GENERAL
Campo de control 140313b2003 ck ||||| |||| 00| 0 spa d
040 ## - FUENTE DE CATALOGACIÓN
Agencia catalogadora original CO-BoIAVH
Agencia transcriptora CO-BoIAVH
041 ## - IDIOMA
Código de idioma para texto/pista de sonido o título separado Español
044 ## - PAÍS DE PUBLICACIÓN
País de publicación Colombia
090 ## - CLASIFICACIÓN LOCAL
Colección TE
Consecutivo 0149
100 ## - ASIENTO PRINCIPAL--NOMBRE PERSONAL
Nombre personal Arcila Saldarriaga, Diego Andrés
9 (RLIN) 21183
245 ## - MENCION DE TITULO
Título Distribución, uso de microhábitats y dieta de la nutria neotropical Lontra longicaudis (Olfers, 1818) en el Cañón del Río Alicante, Antioquia, Colombia
260 ## - PUBLICACION, DISTRIBUCION, ETC. (PIE DE IMPRENTA)
Lugar de publicación, distribución, etc. Medellín
Nombre del editor, distribuidor, etc. Instituto de Biología
-- Universidad de Antioquia
Fecha de publicación, distribución, etc. 2003
300 ## - DESCRIPCION FISICA
Extensión 71 Paginas
650 14 - ASIENTO SECUNDARIO DE MATERIA - TERMINO TEMATICO
Término temático o nombre geográfico como elemento de entrada Avistamiento de Nutrias
9 (RLIN) 74862
650 14 - ASIENTO SECUNDARIO DE MATERIA - TERMINO TEMATICO
Término temático o nombre geográfico como elemento de entrada Distribución y microhabitat
9 (RLIN) 74863
650 14 - ASIENTO SECUNDARIO DE MATERIA - TERMINO TEMATICO
Término temático o nombre geográfico como elemento de entrada Refugios
9 (RLIN) 49226
650 14 - ASIENTO SECUNDARIO DE MATERIA - TERMINO TEMATICO
Término temático o nombre geográfico como elemento de entrada estado de conservación
9 (RLIN) 5957
942 ## - ELEMENTOS ADICIONALES (KOHA)
Tipo de ítem Tesis
Sistema de clasificación Local
945 ## - PROCESAMIENTO LOCAL
AAAA-MM-DD - Fecha de ingreso o modificacion 2004-08-10
Existencias
Withdrawn status Lost status Sistema de Clasificación Damaged status No para préstamo Colección Ubicación Permanente Ubicación actual Fecha de adquisición Total Checkouts Número topográfico Inventario / Código de Barras Date last seen Ejemplar Price effective from Forma de adquisición Tipo de material Public note
    Local     Tesis Bogotá Bogotá 10/08/2004   TE-0149 016357 04/12/2012 Ej. 1 04/12/2012 Donación Tesis Disponible solo para consulta en sala